| 000 | 01031nam a2200205Ia 4500 | ||
|---|---|---|---|
| 999 |
_c9611 _d9611 |
||
| 005 | 20241019151510.0 | ||
| 008 | 231003s9999 xx 000 0 und d | ||
| 020 | _a978-607-438-148-1 | ||
| 040 |
_aUPAN _cBiblioteca San Vicente _eRCAA2 |
||
| 041 | _aspa | ||
| 082 |
_a170 _bT693e _c2010 |
||
| 100 |
_aTorres Hernández, Zacarias _4aut. |
||
| 245 | 0 | _aIntroducción a la ética. | |
| 250 | _a1° ed. | ||
| 260 |
_aMéxico: _bPatria, _c2010 |
||
| 300 |
_a272 p.; _c28 cm. |
||
| 505 | _aParte I: Ámbito contextual de la ética. Capitulo 1: Introducción a la ética. Capitulo 2: Valores y virtudes. Parte II: Ética personal. Capitulo 1: Los seres humanos y la ética. Capitulo 2: Proyecto de vida. Parte III: Ética profesional. Capitulo 1: Vocación, vida académica, ética profesional. Capitulo 2: Códigos de ética profesional. Parte IV: Ética social. Capitulo 1: Ética de las organizaciones y de las instituciones. Capitulo 2: Responsabilidad social corporativa. | ||
| 650 |
_2LEMB _xÉtica |
||
| 942 |
_cBK _2ddc |
||